000 00261nam a2200109Ia 4500
008 190914s9999||||xx |||||||||||||| ||und||
100 _aIMRAN,Ibrahim
245 0 _aEducational Guide of Pakistan
260 _aUSA
_bMcGraw -Hill
_c2002
300 _a881
942 _cBK
999 _c8439
_d8439